000 00754nam a2200193Ii 4500
003 JO-AjNU
008 230605s9999||||xx |||||||||||||| ||und||
040 _aJO-AjNU
_bara
_erda
_cJO-AjNU
041 _aara
050 1 4 _aLC191 1958
100 3 _aكلباتريك، وليم مؤلف/السيد، عبد الحميد م.مشارك/إبراهيم، نجيب إسكندر م.مشارك/عفيفي، محمد الهادي م.مشارك,
_eauthor
_935943
245 0 0 _aالمدنية المتغيرة والتربية
264 3 1 _aالقاهرة:مكتبة مصر1958
300 _a120ص
336 _atext
_btxt
_2rdacontent
337 _aunmediated
_bn
_2rdamedia
338 _avolume
_bnc
_2rdacarrier
650 4 _aالمدنية-التربية
_935944
999 _aA14888
_c18456
_d18456